000 00454nam a2200181Ia 4500
008 151018s9999 xx 000 0 und d
082 _bRBASDV286
_a891.461
100 _aगिरीश
245 _aअभागी कमला
250 _b1
260 _b-
300 _a48
600 _aगिरीश
630 _aअभागी कमला
700 _aगिरीश
730 _aअभागी कमला
942 _cBOOK
999 _c1002756
_d1002753